| 000 | 00944cam a2200301 4500 | ||
|---|---|---|---|
| 001 | 4544692 | ||
| 003 | ARRUPE | ||
| 005 | 20160928090611.0 | ||
| 008 | 701130s1970 enk b 001 0 eng | ||
| 010 | _a 70018522 | ||
| 015 | _aB70-23868 | ||
| 020 | _a0422733407 | ||
| 040 |
_aDLC _cDLC _dDLC |
||
| 043 | _af-sa--- | ||
| 050 | 0 | 0 |
_aDT763 _b.W36 1970 |
| 082 | 0 | 0 | _a370.19/34 |
| 100 | 1 |
_aWatson, Graham. _926295 |
|
| 245 | 1 | 0 |
_aPassing for white: _ba study of racial assimilation in a South African school. _cGraham Watson |
| 260 |
_aLondon, _aNew York, _bTavistock Publications, _c1970. |
||
| 300 |
_axvii, 130 p. _c22 cm. |
||
| 350 | _a36/- | ||
| 500 | _aDistributed in the USA by Barnes & Noble. | ||
| 504 | _aBibliography: p. 119-123. | ||
| 650 | 0 |
_aColored people (South Africa) _926296 |
|
| 650 | 0 |
_aPassing (Identity) _zSouth Africa. _926297 |
|
| 906 |
_a7 _bcbc _corignew _d2 _encip _f19 _gy-gencatlg |
||
| 942 |
_2lcc _cMONOGRAPH |
||
| 999 |
_c125382 _d125382 |
||